| 000 | 00968nam a22002537a 4500 | ||
|---|---|---|---|
| 005 | 20170124103102.0 | ||
| 010 | _aA-742265 | ||
| 020 |
_c60.00 _a8185045356 |
||
| 035 | _aA-742265 | ||
| 037 | _bCen Lib/Ret | ||
| 040 |
_aDPL _bHN |
||
| 082 |
_aक _bखड़से |
||
| 100 |
_aखड़से, दामोदर _977406 |
||
| 245 |
_aआखिर वह एक नदी थी / _cदामोदर खड़से |
||
| 246 |
_aAakhir vah ek nadee thee / _bby Damodar Khadse |
||
| 260 |
_aदिल्ली _bदिशा प्रकाशन _c1995 |
||
| 270 |
_a138/16, त्रिनगर _bदिल्ली |
||
| 300 |
_a139पृ. _c17सेमी (सजिल्द) _b |
||
| 650 |
_aसाहित्य--कहानियां _91200 |
||
| 650 |
_a हिन्दी कहानियां _977407 |
||
| 650 |
_aLiterature--Stories _977408 |
||
| 650 |
_aHindi Stories _977409 |
||
| 942 |
_2ddc _cHN _hक _mखड़से |
||
| 999 |
_c117902 _d117902 |
||